|
|
|
|
| LEADER |
00000cam a2200000 a 4500 |
| 001 |
vtls001479827 |
| 003 |
SK-MaSNL |
| 005 |
20260301053032.0 |
| 008 |
240226s2004 xo l grn 001 0 slo |
| 015 |
|
|
|a SNBA2004/08-04438
|
| 020 |
|
|
|a 8022408026
|
| 035 |
|
|
|a SNK000435125
|
| 035 |
|
|
|a urn:nbn:sk:snk-am3j2zu
|
| 035 |
|
|
|a 83695776-BFD7-451B-AF8D-6DB23C00D6DA
|
| 035 |
|
|
|a urn:nbn:sk:snk-am00gh6x
|
| 040 |
|
|
|a SNK
|b slo
|c SNK
|e AACR2
|
| 041 |
0 |
|
|a slo
|
| 044 |
|
|
|a xo
|c SK
|
| 072 |
|
7 |
|a 323
|x Vnútropolitický vývoj, politický život
|2 konspekt
|
| 080 |
|
|
|a 323
|2 2011
|
| 080 |
|
|
|a 316.334.3
|2 2011
|
| 080 |
|
|
|a 321
|2 2011
|
| 080 |
|
|
|a 323.21
|2 2011
|
| 080 |
|
|
|a (048.8)
|2 2011
|
| 100 |
1 |
|
|a Sopóci, Ján,
|d 1955-
|4 aut
|9 207013
|
| 245 |
1 |
0 |
|a Politika v spoločnosti
|b úvod do sociológie politiky
|c Ján Sopóci
|
| 250 |
|
|
|a 1. vyd.
|
| 260 |
|
|
|a Bratislava
|b Veda
|c 2004
|
| 300 |
|
|
|a 169 strán
|b schémy
|c 24 cm
|
| 504 |
|
|
|a Bibliografia na strane 156-165 ; register
|
| 650 |
0 |
7 |
|a spoločnosť a politika
|2 SNKPH
|9 1526
|
| 650 |
0 |
7 |
|a sociológia politiky
|2 SNKPH
|9 1033
|
| 650 |
0 |
7 |
|a politológia
|2 SNKPH
|9 4684
|
| 650 |
0 |
7 |
|a politická kultúra
|2 SNKPH
|9 4737
|
| 655 |
|
7 |
|a monografie
|2 SNKPH
|9 70139
|
| 856 |
4 |
1 |
|u http://mediainfo.ku.sk/zoom/174/view?page=0&p=separate&view=0,0,1815,2754
|
| 919 |
|
|
|a 80-224-0802-6
|
| 958 |
|
|
|a NB
|
| 999 |
|
|
|c 607264
|d 609194
|
| 952 |
|
|
|a SNK
|b SNK
|y VYP
|7 0
|p 17A0503200
|o snkSC 116907 D2
|i snk2006/5896
|8 0
|0 0
|1 0
|4 0
|d 2006-03-20
|l 0
|r 2026-02-23 16:12:50
|w 2026-02-23
|
| 952 |
|
|
|a SNK
|b SNK
|y PREZ
|7 0
|p 17A0439058
|o snkSC 116907
|i snkKSP 10571/2004
|0 0
|1 0
|4 0
|d 2004-08-06
|f 1
|l 0
|r 2025-10-16 00:00:00
|w 2026-02-23
|
| 952 |
|
|
|a SNK
|b SNK
|y VYP
|7 0
|p 17A0439057
|o snkSC 116907 D1
|i snkKSP 10572/2004
|0 0
|1 0
|4 0
|d 2004-08-06
|l 0
|r 2005-01-02 00:00:00
|w 2026-02-23
|